Central Library OPAC University of Rajshahi

জীবনস্মৃতি : (Record no. 76337)

MARC details
000 -LEADER
fixed length control field 00805nam a22002297a 4500
001 - CONTROL NUMBER
control field 76337
003 - CONTROL NUMBER IDENTIFIER
rucl marc code BD-RjUL
005 - DATE AND TIME OF LATEST TRANSACTION
control field 20211209082828.0
008 - FIXED-LENGTH DATA ELEMENTS--GENERAL INFORMATION
fixed length control field 191125s2018 bg ||||| |||| 00| 0 ben d
020 ## - INTERNATIONAL STANDARD BOOK NUMBER
International Standard Book Number 9847012006771
035 ## - SYSTEM CONTROL NUMBER
System control number (BD-RjUL)76558
040 ## - CATALOGING SOURCE
Original cataloging agency BD-RjUL
Language of cataloging eng
Transcribing agency BD-RjUL
041 ## - LANGUAGE CODE
Language code of text/sound track or separate title eng
082 ## - DEWEY DECIMAL CLASSIFICATION NUMBER
Edition number 23
Classification number 891.44092
Author mark and year SHJ 2018
100 ## - MAIN ENTRY--PERSONAL NAME
Personal name শর্মা, দ্বিজেন
9 (RLIN) 235500
245 ## - TITLE STATEMENT
Title জীবনস্মৃতি :
Remainder of title মধুময় পৃথিবীর ধূলি /
Statement of responsibility, etc. দ্বিজেন শর্মা
260 ## - PUBLICATION, DISTRIBUTION, ETC. (IMPRINT)
Place of publication, distribution, etc. ঢাকা :
Name of publisher, distributor, etc. কথাপ্রকাশ,
Date of publication, distribution, etc. ২০১৮
300 ## - PHYSICAL DESCRIPTION
Pagination ২০৭ পৃ. ;
Size ২২ সেমি.
600 ## - SUBJECT ADDED ENTRY--PERSONAL NAME
Personal name Sharma, Dwijen
Dates associated with a name 1929- 2017
650 ## - SUBJECT ADDED ENTRY--TOPICAL TERM
Topical term or geographic name as entry element Author, Bengali
Form subdivision Biography
9 (RLIN) 235502
942 ## - ADDED ENTRY ELEMENTS (KOHA)
Source of classification or shelving scheme Dewey Decimal Classification
Koha item type Books
Holdings
Lost status Source of classification or shelving scheme Damaged status Not for loan Permanent Location Current Location Shelving location Date acquired Source of acquisition Cost, normal purchase price Total Checkouts Full call number Date last seen Copy number Koha item type Date checked out
  Dewey Decimal Classification   Not For Loan Central Library, University of Rajshahi Central Library, University of Rajshahi Reading Room 03/11/2019 Vidyasagar, Rajshahi 300.00   B 891.44092 SHJ 2018 25/11/2019 C-1 Books  
  Dewey Decimal Classification     Central Library, University of Rajshahi Central Library, University of Rajshahi   03/11/2019 Vidyasagar, Rajshahi 300.00 1 B 891.44092 SHJ 2018 24/04/2022 C-2 Books 19/04/2022